Normal view
MARC view
Entry Topical Term
001 - CONTROL NUMBER
- control field: 10253
003 - CONTROL NUMBER IDENTIFIER
- control field: OSt
005 - DATE AND TIME OF LATEST TRANSACTION
- control field: 20160715175628.0
008 - FIXED-LENGTH DATA ELEMENTS
- fixed length control field: 160715|| aca||aabn | a|a d
040 ## - CATALOGING SOURCE
- Original cataloging agency: OSt
- Transcribing agency: OSt
150 ## - HEADING--TOPICAL TERM
- Topical term or geographic name entry element: Tissue Manipulation.
670 ## - SOURCE DATA FOUND
- Source citation: Work cat.: (OSt): Domenico,De Giovanni; 10252, Beard's Message Principles of Practice of Soft Tissue Manipulation,, 2007.
